000 00703nam a2200253 4500
003 MX-MxINE
005 20260601193900.0
008 260506b1997 mx ||||| |||| 00| 0 spa d
020 _a9681652088
040 _aICI
_bspa
_cICI
_erda
041 _aspa
050 4 _aD16.8
_bF555 1997
100 _aFlorescano, Enrique,
_eautor
_99657
245 1 _aLa historia y el historiador /
264 1 _aMéxico
_bFondo de Cultura Económica,
_c1997
300 _a91 páginas
336 _2rdacontent
_atexto
337 _2rdamedia
_asin medio
338 _2rdacarrier
_avolumen
490 0 _aFondo 2000.
650 4 _aHistoria
_xFilosofía
_933693
650 4 _aHistoriografía
_910590
942 _2lcc
_n1
_cB
999 _c22197
_d22197